| 000 | 00502nam a2200169Ia 4500 | ||
|---|---|---|---|
| 999 |
_c26778 _d26778 |
||
| 003 | OSt | ||
| 005 | 20210108160347.0 | ||
| 008 | 190216s9999||||xx |||||||||||||| ||und|| | ||
| 040 | _coclc | ||
| 082 |
_a894.812301 _bPIL/M |
||
| 100 |
_aPillai, Karoor Neelakanda _96667 |
||
| 245 | 0 |
_aMarappavakal / _cKaroor Neelakanda Pillai |
|
| 260 |
_bNational Book Stall, _aKottayam: _c1992. |
||
| 300 | _a88p | ||
| 650 | _aKathakal | ||
| 942 |
_cBK _2ddc _h894.812301 _iPIL/M _k894.812301 _mPIL/M |
||